Ideaship (Record no. 153699)

MARC details
000 -LEADER
fixed length control field 00614nam a22001937a 4500
003 - CONTROL NUMBER IDENTIFIER
control field dpl
005 - DATE AND TIME OF LATEST TRANSACTION
control field 20180709183745.0
008 - FIXED-LENGTH DATA ELEMENTS--GENERAL INFORMATION
fixed length control field 180709b xxu||||| |||| 00| 0 eng d
020 ## - INTERNATIONAL STANDARD BOOK NUMBER
International Standard Book Number 9780070607125
035 ## - SYSTEM CONTROL NUMBER
System control number B-192042
040 ## - CATALOGING SOURCE
Original cataloging agency DPL
Language of cataloging EN
Transcribing agency 0
100 ## - MAIN ENTRY--PERSONAL NAME
Personal name Foster, Jack
245 ## - TITLE STATEMENT
Title Ideaship
Remainder of title : how to get ideas flowing in your workplace
Statement of responsibility, etc /by Jack Foster;illustrated by Larry Corby
260 ## - PUBLICATION, DISTRIBUTION, ETC. (IMPRINT)
Place of publication, distribution, etc New Delhi
Name of publisher, distributor, etc Tata Mcgraw-hill
Date of publication, distribution, etc 2001
270 ## - ADDRESS
Address 7 West Patel Nagar,
City New Delhi
State or province 110008
300 ## - PHYSICAL DESCRIPTION
Extent xiii,136p.
Other physical details ill;
Dimensions 22cm.
600 ## - SUBJECT ADDED ENTRY--PERSONAL NAME
Personal name Larry Corby
942 ## - ADDED ENTRY ELEMENTS (KOHA)
Source of classification or shelving scheme Dewey Decimal Classification
Koha item type English Books
Classification part 658.4092
Call number suffix FOS
Holdings
Withdrawn status Lost status Source of classification or shelving scheme Damaged status Not for loan Collection code Home library Current library Date acquired Source of acquisition Cost, normal purchase price Total Checkouts Total Renewals Full call number Barcode Date last seen Date checked out Cost, replacement price Price effective from Koha item type
    Dewey Decimal Classification     Non-fiction Patel Nagar Patel Nagar 09/07/2018 BPPD/Pub 0.00 4 1 658.4092 FOS B-192042 02/12/2025 20/11/2025 0.00 09/07/2018 English Books

© Delhi Public Library
Hit Counter
free hit counter